000 00429nam a2200181Ia 4500
001 4788
005 20260306145821.0
008 260306t2000||||xx |||||||||||||| ||spa||
041 _aESP
082 _a330.1
_bK44
100 _aKermally, Sultan
_eAUT
245 0 _aCuando economía significa oportunidad
260 _c2000
300 _a252 páginas :
_c25 cm.
650 _aGEN
654 _aCAN
942 _cLIB
_dJUS
_fJUS
_2ddc
_n
999 _c4788
_d4788